000 00525nam a2200181Ia 4500
005 20250508151301.0
008 008 250505s9999 xx 000 0 eng d
037 _aTextual
040 _aFEDL
_beng
_cFEDL
041 _aeng
_2eng
084 _a371.91, BAR
_qFEDL
100 _aBarons P A
_9758773
245 0 _aBackwardness in school : It diagnosis and treatment
260 _aLondon, UK
_bBlackie and Son Limited
_c1938
300 _aviii182p.
942 _cTEXL
_h371.91, BAR
999 _c1328823
_d1328823